<?xml version="1.0" encoding="UTF-8"?>
<marc:record xmlns:marc="http://www.loc.gov/MARC21/slim">
   <marc:leader>00000nam a2200000 a 4500</marc:leader>
   <marc:datafield ind1="1" ind2=" " tag="100">
      <marc:subfield code="a">Adornetto, Alexandra</marc:subfield>
      <marc:subfield code="4">aut</marc:subfield>
      <marc:subfield code="e">Verfasser/-in</marc:subfield>
   </marc:datafield>
   <marc:datafield ind1=" " ind2=" " tag="653">
      <marc:subfield code="a">Softcover / Kinder- und Jugendbücher/Jugendbücher ab 12 Jahre</marc:subfield>
   </marc:datafield>
   <marc:datafield ind1="0" ind2="0" tag="245">
      <marc:subfield code="a">Halo</marc:subfield>
   </marc:datafield>
   <marc:datafield ind1="0" ind2="0" tag="245">
      <marc:subfield code="c">Alexandra Adornetto. Aus dem Engl. von Sonja Fiedler-Tresp ...</marc:subfield>
   </marc:datafield>
   <marc:datafield ind1=" " ind2="1" tag="264">
      <marc:subfield code="a">Reinbek bei Hamburg</marc:subfield>
      <marc:subfield code="b">Rowohlt-Taschenbuch-Verl.</marc:subfield>
      <marc:subfield code="c">2012</marc:subfield>
   </marc:datafield>
   <marc:datafield ind1="1" ind2=" " tag="490">
      <marc:subfield code="a">Rororo</marc:subfield>
      <marc:subfield code="v">21600 : rororo Rotfuchs</marc:subfield>
   </marc:datafield>
   <marc:datafield ind1=" " ind2=" " tag="250">
      <marc:subfield code="a">Dt. Erstausg.</marc:subfield>
   </marc:datafield>
   <marc:datafield ind1="1" ind2=" " tag="520">
      <marc:subfield code="a">Angaben aus der Verlagsmeldung

Halo Adornetto, Halo (Bd. 1) / von Alexandra Adornetto

Romantisch, fantastisch und übersinnlich: Drei Geschwister mit direktem Draht nach ganz oben sind die Schlüsselfiguren in dieser faszinierenden Trilogie von Alexandra Adornetto. Und das passiert in Band 1, «Halo»:

Venus Cove, eine verschlafene Küstenstadt in Westaustralien. Doch das Idyll ist in Gefahr, die ewige Dunkelheit naht. Da tauchen die drei Geschwister Gabriel, Ivy und Bethany auf. Himmelsboten, zur Erde gesandt, um dem Bösen Einhalt zu gebieten. Anfänglich gelingt es ihnen, ihr überirdisches Leuchten, ihre übermenschlichen Kräfte und auch ihre Flügel vor den Menschen zu verbergen. Doch die Jüngste, Bethany, brennt vor Neugierde und ist fasziniert vom Leben auf der Erde. Es ist nur eine Frage der Zeit, bis sie anfängt, Regeln zu brechen – und sich in den gutaussehenden Schulsprecher Xavier verliebt. Die Mission droht zu scheitern. Die Situation spitzt sich zu, als ein Junge namens Jake Thorn neu an die Schule kommt. Jake ist charmant, verführerisch – und tödlich. Und er will Bethany für sich.
</marc:subfield>
   </marc:datafield>
   <marc:datafield ind1=" " ind2=" " tag="020">
      <marc:subfield code="a">9783499216008</marc:subfield>
      <marc:subfield code="9">9783499216008</marc:subfield>
   </marc:datafield>
   <marc:datafield ind1=" " ind2=" " tag="020">
      <marc:subfield code="a">3499216000</marc:subfield>
      <marc:subfield code="9">3499216000</marc:subfield>
   </marc:datafield>
   <marc:datafield ind1=" " ind2=" " tag="041">
      <marc:subfield code="a">ger</marc:subfield>
   </marc:datafield>
   <marc:datafield ind1=" " ind2=" " tag="300">
      <marc:subfield code="a">557 S.</marc:subfield>
   </marc:datafield>
</marc:record>
